000 00482nam a2200193Ia 4500
005 20240823021215.0
008 240823s9999||||xx |||||||||||||| ||und||
020 _a81-88237-49-3
041 _aENGLISH
082 _A511 P6
100 _aShankar Rao G
245 0 _aMathematical Foundations of Computer Science
250 _a1st
260 _c2006
_bI K International Pub.
500 _aYES
650 _aMathematical Analysis
_bMathematics
942 _cBK
999 _c176528
_d176528